Dictionnaire lyrique ou histoire des opéras

Kaydedildi:
Detaylı Bibliyografya
Asıl Yazarlar: Clément, Félix (Yazar), Larousse, Pierre (Yazar)
Materyal Türü: Kitap
Dil:Fransızca
Baskı/Yayın Bilgisi: París Pierre Larousse 1865
Konular:
Etiketler: Etiketle
Etiket eklenmemiş, İlk siz ekleyin!

MARC

LEADER 00000nam a2200000 a 4500
001 UCN1128
003 CL-VaPUC
008 010420e18650000FR |||||||||||||||||fre|d
082 0 4 |a 782.103  |b CLE  |2 21 
100 |a Clément, Félix  |e author  |9 456544 
700 0 |a Larousse, Pierre  |e author  |9 456545 
245 1 0 |a Dictionnaire lyrique ou histoire des opéras 
300 |a 765 p 
942 |c BK 
945 |d 20010420 00:00:00  |a crobeson 
260 |a París  |b Pierre Larousse  |c 1865 
650 7 |a OPERA  |2 CL-VaPUC  |9 456546 
650 0 |a Música   |9 306770 
583 |a last modification  |c 20010420 00:00:00  |k Rodrigo Vera 
999 |c 294705  |d 294703